2023 Stanley Cup Playoffs Teams - Statistics

General Stats
  • This quiz has been taken 178 times
  • The average score is 14 of 16
Answer Stats
Conference Division Seed Team % Correct
Eastern Metropolitan 3 New York Rangers
98%
Eastern Atlantic 1 Boston Bruins
97%
Eastern Atlantic 2 Toronto Maple Leafs
95%
Western Pacific 2 Edmonton Oilers
93%
Eastern Wild Cards 2 Florida Panthers
93%
Eastern Atlantic 3 Tampa Bay Lightning
92%
Western Central 2 Dallas Stars
91%
Western Pacific 1 Vegas Golden Knights
91%
Eastern Metropolitan 1 Carolina Hurricanes
89%
Western Central 1 Colorado Avalanche
89%
Western Pacific 3 Los Angeles Kings
88%
Eastern Wild Cards 1 New York Islanders
87%
Eastern Metropolitan 2 New Jersey Devils
85%
Western Central 3 Minnesota Wild
83%
Western Wild Cards 2 Winnipeg Jets
77%
Western Wild Cards 1 Seattle Kraken
74%
No matching quizzes found
Score Distribution
Percent of People with Each Score
Percentile by Number Answered
Your Score History
You have not taken this quiz